[Event "AUTO-OPEN-2116"]
[Site "http://www.queenalice.com/game.php?id=927729"]
[Date "2011.4.19"]
[Round "3"]
[White "uracile"]
[Black "Dolskkier"]
[Result "1-0"]
[WhiteElo "2394"]
[BlackElo "2289"]

1. e4 c5 2. Nc3 g6 3. Nf3 Bg7 4. d4 cxd4 5. Nxd4 Nc6 6. Be3 Qa5 7. Be2 Nf6 8.
O-O O-O 9. Nb3 Qc7 10. a4 d6 11. f4 Be6 12. a5 Bxb3 13. cxb3 Rfd8 14. f5 gxf5
15. Rxf5 e6 16. Rg5 d5 17. Qf1 Qe7 18. Rg3 Kf8 19. exd5 exd5 20. Qc1 d4 21. Bh6
Ne8 22. Bxg7+ Nxg7 23. Qh6 Qe5 24. Nb5 d3 25. Bxd3 Rxd3 26. Rxd3 Qc5+ 27. Kh1
Qxb5 28. Rg3 Qe5 29. a6 Re8 30. Rf1 Kg8 31. axb7 1-0

[Event "AUTO-OPEN-2202"]
[Site "http://www.queenalice.com/game.php?id=952258"]
[Date "2011.6.21"]
[Round "2"]
[White "uracile"]
[Black "HILITO"]
[Result "1-0"]
[WhiteElo "2343"]
[BlackElo "2186"]

1. e4 c6 2. Nf3 d5 3. e5 Bf5 4. d4 e6 5. a3 Qb6 6. Bd3 Bxd3 7. Qxd3 c5 8. dxc5
Bxc5 9. O-O Nd7 10. b4 Be7 11. c4 dxc4 12. Qxc4 Qc6 13. Qg4 Bf8 14. Be3 Ne7 15.
Rc1 Qa6 16. Nc3 Nf5 17. Nd5 exd5 18. Qxf5 Qe6 19. Qd3 Be7 20. Qb5 O-O 21. Nd4
1-0

[Event "AUTO-OPEN-2202"]
[Site "http://www.queenalice.com/game.php?id=952259"]
[Date "2011.6.21"]
[Round "2"]
[White "HILITO"]
[Black "uracile"]
[Result "0-1"]
[WhiteElo "2179"]
[BlackElo "2368"]

1. e4 e5 2. Nf3 Nc6 3. Bb5 Nf6 4. O-O Bc5 5. c3 Be7 6. Re1 d6 7. d4 O-O 8. Bg5
h6 9. Bh4 exd4 10. cxd4 Bg4 11. Bxc6 bxc6 12. Nbd2 Rb8 13. b3 Qd7 14. Qc2 Rb6
15. e5 Nd5 16. Bg3 Bf5 17. Ne4 Re8 18. Rac1 dxe5 19. Nxe5 Qe6 20. Nc4 Rbb8 21.
f3 h5 22. Ne3 Nxe3 23. Rxe3 Bg5 24. f4 Bxe4 25. fxg5 Bxc2 26. Rxe6 Rxe6 27. Rxc2
Rd8 28. Be5 Rd5 29. h4 c5 30. Bxc7 cxd4 31. Bf4 d3 32. Rd2 Rd4 33. g3 Re2 34.
Kf1 Rxf4+ 0-1

[Event "AUTO-OPEN-2202"]
[Site "http://www.queenalice.com/game.php?id=952260"]
[Date "2011.6.21"]
[Round "2"]
[White "uracile"]
[Black "Claudio49"]
[Result "1/2-1/2"]
[WhiteElo "2391"]
[BlackElo "2498"]

1. e4 c5 2. Nf3 d6 3. Nc3 a6 4. d4 cxd4 5. Nxd4 Nf6 6. h3 e5 7. Nf3 Nc6 8. Be2
h6 9. Bc4 Na5 10. Bd5 Bd7 11. O-O Rc8 12. a3 Be7 13. Re1 O-O 14. Qd3 b5 15. Ra2
Qc7 16. Rd1 Rfe8 17. Ne1 Nc4 18. Qg3 Kf8 19. Nd3 a5 20. Re1 Nb6 21. Bb3 a4 22.
Bd5 Nbxd5 23. exd5 Bf5 24. Ra1 Bh7 25. Nb4 Qd7 1/2-1/2

[Event "AUTO-OPEN-2202"]
[Site "http://www.queenalice.com/game.php?id=952261"]
[Date "2011.6.21"]
[Round "2"]
[White "Claudio49"]
[Black "uracile"]
[Result "1/2-1/2"]
[WhiteElo "2494"]
[BlackElo "2386"]

1. Nf3 d5 2. g3 Nc6 3. d4 g6 4. c4 Bg4 5. Bg2 Bg7 6. cxd5 Qxd5 7. Nc3 Qc4 8. d5
Nd4 9. Nxd4 Bxd4 10. Bf4 Bxc3+ 11. bxc3 Bxe2 12. Qd2 O-O-O 13. Rb1 Qd3 14. Rb4
Qxd2+ 15. Kxd2 Ba6 16. Rhb1 Nf6 17. c4 Rhe8 18. Kc2 Nd7 19. Bh3 f5 20. Re1 Nc5
21. Be3 Ne4 22. g4 e6 23. dxe6 1/2-1/2

[Event "AUTO-MASTER-1300"]
[Site "http://www.queenalice.com/game.php?id=965210"]
[Date "2011.7.26"]
[Round "2"]
[White "Said"]
[Black "uracile"]
[Result "0-1"]
[WhiteElo "2034"]
[BlackElo "2374"]

1. d4 Nf6 2. c4 g6 3. Nc3 c5 4. Nf3 cxd4 5. Nxd4 Nc6 6. e4 d6 7. Be2 Nxd4 8.
Qxd4 Bg7 9. O-O O-O 10. Bg5 h6 11. Bh4 g5 12. Bg3 Nh5 13. Qe3 Nxg3 14. Qxg3 Be6
15. Kh1 Qa5 16. f4 gxf4 17. Rxf4 Qg5 18. Qf2 Bd4 19. Qf3 Be5 20. g3 Bxf4 21.
gxf4 Qh4 22. f5 Bd7 23. Bd3 Kh8 24. Nd5 Rg8 25. Rf1 Bc6 26. f6 e6 27. Ne7 Rg4
28. Nxc6 bxc6 29. b4 Rag8 30. Bc2 Qg5 0-1

[Event "AUTO-MASTER-1300"]
[Site "http://www.queenalice.com/game.php?id=965211"]
[Date "2011.7.26"]
[Round "2"]
[White "uracile"]
[Black "Said"]
[Result "1-0"]
[WhiteElo "2350"]
[BlackElo "2005"]

1. e4 c5 2. Bc4 e6 3. Nc3 Qg5 4. Nf3 Qxg2 5. Rg1 Qh3 6. Bf1 Qh5 7. Rg5 Qh6 8. d4
cxd4 9. Nd5 Bd6 10. Rg3 Qh5 11. e5 Bxe5 12. Rg5 1-0

[Event "AUTO-MASTER-1300"]
[Site "http://www.queenalice.com/game.php?id=965216"]
[Date "2011.7.26"]
[Round "2"]
[White "Constante"]
[Black "uracile"]
[Result "0-1"]
[WhiteElo "2069"]
[BlackElo "2389"]

1. e4 Nc6 2. Bb5 d5 3. Nc3 dxe4 4. Nxe4 Qd5 5. Bxc6+ Qxc6 6. Ng3 Qxg2 7. d3 Nf6
8. Qf3 Bh3 9. Be3 h5 10. Qxg2 Bxg2 11. h4 Ng4 12. N1e2 Bxh1 13. Nxh1 e5 14. Nhg3
Nxe3 15. fxe3 Be7 16. Kd2 Bxh4 17. Rh1 Bxg3 18. Nxg3 g6 19. Ne4 Ke7 20. Ke2 h4
21. Kf2 b6 22. Rh3 Rad8 23. Ng5 f5 24. Kf3 Kf6 0-1

[Event "AUTO-MASTER-1300"]
[Site "http://www.queenalice.com/game.php?id=965217"]
[Date "2011.7.26"]
[Round "2"]
[White "uracile"]
[Black "Constante"]
[Result "1-0"]
[WhiteElo "2363"]
[BlackElo "2116"]

1. e4 c5 2. Bc4 e6 3. Nf3 Nc6 4. Nc3 a6 5. d4 Qc7 6. d5 Ne5 7. Nxe5 Qxe5 8. a4
Nf6 9. f4 Qd4 10. Qe2 exd5 11. exd5+ 1-0

[Event "AUTO-OPEN-2202"]
[Site "http://www.queenalice.com/game.php?id=999338"]
[Date "2011.10.19"]
[Round "3"]
[White "uracile"]
[Black "Orotimaru"]
[Result "1-0"]
[WhiteElo "2407"]
[BlackElo "2236"]

1. e4 c5 2. Nc3 Nc6 3. Nf3 Nf6 4. d4 cxd4 5. Nxd4 e5 6. Ndb5 d6 7. Nd5 Nxd5 8.
exd5 Nb8 9. c4 a6 10. Qa4 Nd7 11. c5 dxc5 12. d6 axb5 13. Qxa8 1-0

[Event "AUTO-OPEN-2202"]
[Site "http://www.queenalice.com/game.php?id=999339"]
[Date "2011.10.19"]
[Round "3"]
[White "Orotimaru"]
[Black "uracile"]
[Result "0-1"]
[WhiteElo "2243"]
[BlackElo "2402"]

1. d4 d5 2. c4 e6 3. Nc3 Nf6 4. Bg5 Bb4 5. e3 O-O 6. cxd5 exd5 7. Bd3 h6 8. Bh4
c5 9. dxc5 Bxc3+ 10. bxc3 Nbd7 11. Ne2 Nxc5 12. O-O Re8 13. Bb5 Re4 14. Bxf6
Qxf6 0-1